000 00335nam a2200145Ia 4500
008 150301s2014 xx 000 0 und d
082 _a611
_bH14C
100 _aCHAURASIA, B.D.
245 _aHH. OF GENERAL ANATOMY
250 _a4TH
260 _bCBS
_aDELHI
_c2014
300 _a262
650 _aHUMAN ANATOMY
942 _2ddc
_cBK
_0505
999 _c6629
_d6629